[Event "La Guajira-ch"]
[Site "Maicao"]
[Date "2023.03.16"]
[Round "9"]
[White "Sarmiento Miranda, Juan Carlos"]
[Black "Avila Vargas, Juan Manuel"]
[Result "1-0"]
[WhiteElo "1651"]
[BlackElo "1468"]
[PlyCount "35"]
[EventDate "2023.03.16"]
[EventType "tourn (rapid)"]
[EventRounds "17"]
[EventCountry "COL"]
[SourceTitle "CBM 213 Extra"]
[Source "ChessBase"]
[SourceDate "2023.05.31"]
[SourceVersion "1"]
[SourceVersionDate "2023.05.31"]
[SourceQuality "1"]

1. e4 c5 2. Nc3 Nc6 3. Bb5 g6 4. f4 Bg7 5. Nf3 Nf6 6. d3 0-0 7. 0-0 a6 8. Bxc6 dxc6 9. Qe1 b5 10. Rb1 Be6 11. Ng5 Bd7 12. f5 h6 13. Nf3 Kh7 14. Qh4 e6 15. Bg5 exf5 16. e5 Kg8 17. exf6 hxg5 18. Nxg5 1-0

[Event "Bucaramanga Bonita op"]
[Site "Bucaramanga"]
[Date "2021.09.04"]
[Round "3"]
[White "Romero Villamizar, Carlos Alirio"]
[Black "Avila Vargas, Juan Manuel"]
[Result "0-1"]
[WhiteElo "1551"]
[BlackElo "1475"]
[PlyCount "78"]
[EventDate "2021.09.04"]
[EventType "swiss"]
[EventRounds "6"]
[EventCountry "COL"]
[SourceTitle "EXT 2022"]
[Source "ChessBase"]
[SourceDate "2021.10.06"]
[SourceVersion "1"]
[SourceVersionDate "2021.10.06"]
[SourceQuality "1"]

1. e4 c5 2. Nf3 Nc6 3. d4 cxd4 4. Nxd4 g6 5. Bc4 Bg7 6. Qf3 Nf6 7. Nxc6 bxc6 8. 0-0 0-0 9. Nc3 Rb8 10. Re1 Bb7 11. Rb1 d5 12. Bf4 Rc8 13. Bb3 d4 14. Ne2 c5 15. Bc4 Bxe4 16. Qb3 Nh5 17. Ng3 Bxc2 18. Qxc2 Nxf4 19. Qe4 e5 20. Rbd1 Qb6 21. b3 Kh8 22. Nf1 f5 23. Qf3 Qc6 24. Qxc6 Rxc6 25. g3 Ne6 26. h4 e4 27. Kg2 d3 28. Ne3 Nd4 29. Rd2 Nf3 30. Bd5 Nxe1+ 31. Kf1 Nf3 32. Rd1 Rd6 33. Bc4 Rfd8 34. Ng2 d2 35. Nf4 Nh2+ 36. Kg2 Ng4 37. Ne6 Rxe6 38. Bxe6 e3 39. Bc4 Nxf2 0-1

[Event "COL Intercollegiate-ch U14"]
[Site "Paipa"]
[Date "2019.12.12"]
[Round "5"]
[White "Avila Vargas, Juan Manuel"]
[Black "Castro Castro, Joaquin"]
[Result "1-0"]
[WhiteElo "1452"]
[BlackElo "1560"]
[PlyCount "119"]
[EventDate "2019.12.11"]
[EventType "swiss"]
[EventRounds "7"]
[EventCountry "COL"]
[SourceTitle "CBM 193 Extra"]
[Source "ChessBase"]
[SourceDate "2020.01.31"]
[SourceVersion "1"]
[SourceVersionDate "2020.01.31"]
[SourceQuality "1"]

1. d4 Nf6 2. Bf4 c5 3. d5 e6 4. dxe6 fxe6 5. Nc3 d5 6. e4 Nc6 7. Nb5 e5 8. exd5 exf4 9. dxc6 bxc6 10. Qxd8+ Kxd8 11. 0-0-0+ Bd7 12. Nc3 Kc7 13. h3 Be6 14. Nf3 h6 15. Bd3 Nd5 16. Nxd5+ cxd5 17. Rhe1 Bc8 18. Ne5 Bd6 19. Nf7 Rf8 20. Nxd6 Kxd6 21. Be4 Be6 22. c4 Rad8 23. Bxd5 Bxd5 24. Rxd5+ Kc6 25. Re6+ Kb7 26. Rxd8 Rxd8 27. Re7+ Kb6 28. Rxg7 Re8 29. Rg6+ Ka5 30. Rxh6 Re2 31. g4 Rxf2 32. a3 f3 33. Rc6 Rg2 34. Rxc5+ Kb6 35. Rf5 f2 36. Kd1 Rg3 37. Rxf2 Rxh3 38. g5 Rg3 39. Rf5 Kc6 40. Rd5 a6 41. Kc2 Kb7 42. b3 Kb6 43. a4 a5 44. Rb5+ Ka6 45. Kd2 Rg4 46. Ke3 Rg3+ 47. Kf4 Rg2 48. Kf5 Rg3 49. c5 Rg2 50. g6 Rf2+ 51. Ke6 Re2+ 52. Kf7 Rf2+ 53. Kg7 Rg2 54. Rb6+ Ka7 55. Kf7 Rc2 56. g7 Rxc5 57. g8Q Kxb6 58. Qb8+ Kc6 59. Ke6 Rh5 60. Qe8+ 1-0

[Event "Pan American-ch School U11"]
[Site "Medellin"]
[Date "2019.11.14"]
[Round "4.2"]
[White "Avila Vargas, Juan Manuel"]
[Black "Pianchiche Acero, Miyamu Nillu"]
[Result "1/2-1/2"]
[WhiteElo "1473"]
[BlackElo "1267"]
[PlyCount "52"]
[EventDate "2019.11.12"]
[EventType "swiss"]
[EventRounds "9"]
[EventCountry "COL"]
[SourceTitle "EXT 2024"]
[Source "ChessBase"]
[SourceDate "2023.10.10"]
[SourceVersion "1"]
[SourceVersionDate "2023.10.10"]
[SourceQuality "1"]

1. d4 Nf6 2. Bf4 d6 3. Nc3 g6 4. e4 Bg7 5. Qd2 Nc6 6. f3 0-0 7. 0-0-0 e5 8. dxe5 dxe5 9. Qxd8 Rxd8 10. Rxd8+ Nxd8 11. Bxe5 Ne6 12. Nh3 Bd7 13. Bc4 Ne8 14. Bxg7 N8xg7 15. Nd5 Ne8 16. Rd1 Rd8 17. Nhf4 Kg7 18. Nxe6+ Bxe6 19. Ne3 Rxd1+ 20. Kxd1 Nd6 21. Bxe6 fxe6 22. Kd2 Kf7 23. Kd3 Ke7 24. Nc4 c5 25. e5 Nf7 26. f4 Kd7 1/2-1/2

[Event "San Francisco IRT"]
[Site "San Francisco"]
[Date "2017.09.16"]
[Round "1.3"]
[White "Colina, Jose"]
[Black "Avila Vargas, Juan Manuel"]
[Result "1-0"]
[WhiteElo "1909"]
[BlackElo "1263"]
[PlyCount "45"]
[EventDate "2017.09.16"]
[EventType "swiss"]
[EventRounds "6"]
[EventCountry "VEN"]
[SourceTitle "EXT 2022"]
[Source "ChessBase"]
[SourceDate "2021.10.06"]
[SourceVersion "1"]
[SourceVersionDate "2021.10.06"]
[SourceQuality "1"]

1. d4 d5 2. Nf3 Nf6 3. c4 e6 4. Nc3 c5 5. dxc5 Bxc5 6. cxd5 exd5 7. e3 0-0 8. Be2 Nc6 9. 0-0 Be6 10. a3 Qe7 11. Ng5 h6 12. Nxe6 fxe6 13. b4 Bb6 14. Na4 Bc7 15. Bb2 e5 16. Rc1 Rad8 17. Qc2 Rc8 18. Qg6 d4 19. exd4 exd4 20. Bc4+ Kh8 21. Rfe1 Qd6 22. g3 Nd7 23. Re6 1-0